Titres de Luidji - Statistics

General Stats
  • This quiz has been taken 140 times
  • The average score is 10 of 15
Answers on the Grid
Answers color-coded by a green-red scale on the quiz's grid according to % correct below.
Système
Reste en vie
Hors de ma vue
Miskine
Brûle
Télefoot
Macabre
Cabine
Paradis d'amour
Sirène
Ayida
Palace Mafia
Les passantes
Le rouge
Les gens qui s'aiment
Affranchis
Mon âme
Vent d'hiver
Juste une minute
Marie Jeanne
Le remède
Cambrure
Sérénade
Becte
Wayans
Positif
Lifestyle
Tu le mérites
Décisions
A feu doux
 
Answer Stats
Answer % Correct
Reste en vie
91%
Système
91%
Miskine
85%
Télefoot
81%
Le remède
80%
Sirène
74%
Le rouge
69%
Tu le mérites
63%
Marie Jeanne
61%
Palace Mafia
56%
Cabine
55%
Sérénade
52%
Ayida
51%
Les gens qui s'aiment
46%
Vent d'hiver
37%
No matching quizzes found
Score Distribution
Percent of People with Each Score
Percentile by Number Answered
Your Score History
You have not taken this quiz